MARC details
| 000 -CABECERA |
| campo de control de longitud fija |
01226nam a2200301 i 4500 |
| 001 - NÚMERO DE CONTROL |
| campo de control |
000048002 |
| 003 - IDENTIFICADOR DEL NÚMERO DE CONTROL |
| campo de control |
DO-SdBNP |
| 005 - FECHA Y HORA DE LA ÚLTIMA TRANSACCIÓN |
| campo de control |
20241113095221.0 |
| 007 - CAMPO FIJO DE DESCRIPCIÓN FÍSICA--INFORMACIÓN GENERAL |
| campo de control de longitud fija |
ta |
| 008 - DATOS DE LONGITUD FIJA--INFORMACIÓN GENERAL |
| campo de control de longitud fija |
181012s2002 dr 000 0 spa d |
| 020 ## - NÚMERO INTERNACIONAL ESTÁNDAR DEL LIBRO |
| Número Internacional Estándar del Libro |
9993487716 |
| 040 ## - FUENTE DE LA CATALOGACIÓN |
| Centro catalogador/agencia de origen |
DO-SdBNP |
| Lengua de catalogación |
spa |
| Centro/agencia transcriptor |
BNPHU |
| Normas de descripción |
rda |
| 082 ## - NÚMERO DE LA CLASIFICACIÓN DECIMAL DEWEY |
| Número de clasificación |
xx |
| Número de documento/Ítem |
C531 |
| Número de edición |
22 |
| 100 1# - ENTRADA PRINCIPAL--NOMBRE DE PERSONA |
| Nombre de persona |
Chez Checo, José, |
| Fechas asociadas al nombre |
1949- |
| 9 (RLIN) |
10145 |
| 245 10 - MENCIÓN DE TÍTULO |
| Título |
Santo Domingo : |
| Resto del título |
elogio y memoria de la ciudad / |
| Mención de responsabilidad, etc. |
José Chez Checo, Marcio Veloz Maggiolo, Andrés L, Mateo. ; fotografías Julio Gonzalez |
| 264 #1 - PRODUCCIÓN, PUBLICACIÓN, DISTRIBUCIÓN, FABRICACIÓN Y COPYRIGHT |
| Producción, publicación, distribución, fabricación y copyright |
Santo Domingo : |
| Nombre del de productor, editor, distribuidor, fabricante |
MAP, |
| Fecha de producción, publicación, distribución, fabricación o copyright |
2002. |
| 300 ## - DESCRIPCIÓN FÍSICA |
| Extensión |
251 páginas |
| Dimensiones |
24 cm. |
| 336 ## - TIPO DE CONTENIDO |
| Término de tipo de contenido |
texto |
| Código de tipo de contenido |
txt |
| Fuente |
rdacontent |
| 337 ## - TIPO DE MEDIO |
| Nombre/término del tipo de medio |
sin mediación |
| Código del tipo de medio |
n |
| Fuente |
rdamedia |
| 338 ## - TIPO DE SOPORTE |
| Nombre/término del tipo de soporte |
volumen |
| Código del tipo de soporte |
nc |
| Fuente |
rdacarrier |
| 490 1# - MENCIÓN DE SERIE |
| Mención de serie |
Popular CODETEL |
| Designación de volumen o secuencia |
1 |
| 505 0# - NOTA DE CONTENIDO CON FORMATO |
| Nota de contenido con formato |
Presentación -- |
| Título |
Amanecer y ocaso de la Villa de Santo Domingo / |
| Mención de responsabilidad |
José Chez Checo -- |
| Título |
Santo Domingo, tradiciones , juegos y modernidad / |
| Mención de responsabilidad |
Marcio Veloz Maggiolo -- |
| Título |
Santo Domingo en la literatura / |
| Mención de responsabilidad |
Andrés L. Mateo. |
| 590 ## - NOTA LOCAL (RLIN) |
| Nota local |
Inventariado, 2018/VM |
| 700 1# - PUNTO DE ACCESO ADICIONAL--NOMBRE DE PERSONA |
| Código de función/relación |
aut. |
| Nombre de persona |
Mateo, Andrés L., |
| Fechas asociadas al nombre |
1946- |
| 9 (RLIN) |
776 |
| Término indicativo de función/relación |
autor |
| 700 1# - PUNTO DE ACCESO ADICIONAL--NOMBRE DE PERSONA |
| Código de función/relación |
aut. |
| Nombre de persona |
Veloz Maggiolo, Marcio, |
| Fechas asociadas al nombre |
1936-2021 |
| 9 (RLIN) |
1104 |
| Término indicativo de función/relación |
autor |
| 700 1# - PUNTO DE ACCESO ADICIONAL--NOMBRE DE PERSONA |
| Código de función/relación |
fot. |
| Nombre de persona |
González, Julio |
| Término indicativo de función/relación |
fotografías |
| 9 (RLIN) |
22913 |
| 942 ## - ELEMENTOS DE PUNTO DE ACCESO ADICIONAL (KOHA) |
| Fuente del sistema de clasificación o colocación |
Dewey Decimal Classification |
| Tipo de ítem Koha |
Libro |